000 00835nam a2200241Ia 4500
003 OSt
005 20220923221655.0
006 a|||||r|||| 00| 0
007 ta
008 220922b |||||||| |||| 00| 0 hin d
024 _a199,261
037 _cTextual
040 _aARTS
_cARTS
_bhin
041 _2hin
_ahin
082 _aP4445,34, 152M0
100 _aदुबे, महेन्द्रनाथ
245 0 _aपूर्वोत्तर भारतीय भाषाओं के सर्वमान
246 _aPūrvottar bhāratīya bhāṣhāoan ke sarvamāna
260 _aवाराणसी
_b शक्ति प्रका0
_c1980
300 _a94पृ.
_ccm.
942 _hP4445,34, 152M0
_cTEXL
_2CC
999 _c351036
_d351036